Common Confusions in Macroeconomics /
Obra donde se clarifican temas de la macroeconomía que son mal interpretados en las discusiones de políticas publicas, tales como excedentes de ahorro, efectos de los excedentes de importaciones, movimientos de capital y tasas de interés, sobrevaluación del dólar, disminución de riesgo en tasación,...
Gespeichert in:
| 1. Verfasser: | |
|---|---|
| Format: | Buch |
| Sprache: | Englisch |
| Veröffentlicht: |
Indiana, EUA :
AuthorHouse,
2006, c2006
|
| Schlagworte: | |
| Tags: |
Keine Tags, Fügen Sie das erste Tag hinzu!
|
MARC
| LEADER | 00000nam^a2200000^a^4500 | ||
|---|---|---|---|
| 001 | 000191804 | ||
| 005 | 20250521000000.0 | ||
| 009 | 20260310102539.356 | ||
| 020 | |a 1-4259-1544-2 | ||
| 037 | |a Acervo ITESO - Biblioteca | ||
| 041 | |a ING | ||
| 082 | |a 339. |b GUT | ||
| 100 | |a Gutmann, Peter |e (autor) | ||
| 245 | 1 | 0 | |a Common Confusions in Macroeconomics / |c P. Gutman |
| 264 | 4 | |a Indiana, EUA : |b AuthorHouse, |c 2006, c2006 | |
| 300 | |a IX, 98 p. | ||
| 336 | |a texto |b txt |2 rdacontenido | ||
| 337 | |a sin mediación |b n |2 rdamedio | ||
| 338 | |a volumen |b nc |2 rdasoporte | ||
| 520 | |a Obra donde se clarifican temas de la macroeconomía que son mal interpretados en las discusiones de políticas publicas, tales como excedentes de ahorro, efectos de los excedentes de importaciones, movimientos de capital y tasas de interés, sobrevaluación del dólar, disminución de riesgo en tasación, curvas de producción y redistribución de ingresos. | ||
| 649 | |a XX | ||
| 650 | |a Ahorro | ||
| 650 | |a Importaciones | ||
| 650 | |a Excedente Económico | ||
| 650 | |a Capital | ||
| 650 | |a Interés (Economía) | ||
| 650 | |a Producción Económica | ||
| 650 | |a Distribución del Ingreso | ||
| 650 | |a Macroeconomía - |x Teoría - |x Tema Principal | ||
| 650 | |a Economía - |x Teoría | ||
| 910 | |a Fondo General | ||
| 920 | |a Impresos - Libros | ||
| 930 | |a Colección General | ||
| 905 | |a 101 | ||
| 901 | |a 0500135397 |b IT1 |c ACC |u 20250521 | ||
| 902 | |a https://opac.biblio.iteso.mx/vufind/Record/000191804 | ||